Statistics for Name a Valid Empire

Click here to take the quiz!

General Stats

  • This quiz has been taken 150 times
    (99 since last reset)
  • The average score is 10 of 15

Answer Stats

DescriptionEmpire% Correct
Had Istanbul as its capitalByzantine Empire | Latin Empire | Ottoman Empire
99%
Covered an area larger than 5 million square milesBritish Empire | Mongol Empire | Qing dynasty | Russian Empire | Spanish Empire
96%
Controlled at least part of modern PeruChimor | Inca Empire | Spanish Empire | Wari Empire
91%
Was ruled by a caliph and/or a sultanAbbasid Caliphate | Ajuran Sultanate | Almohad Caliphate | Ayyubid dynasty | Bahmani Empire | Bengal Sultanate | Caliphate of Córdoba | Delhi Sultanate | Fatimid Caliphate | Ghaznavid dynasty | Kanem-Bornu Empire | Malwa Sultanate | Mamluk Sultanate | Ottoman Empire | Rashidun Caliphate | Seljuk Empire | Sokoto Caliphate | Sultanate of Rum | Timurid Empire | Umayyad Caliphate
89%
Formed before 1000 BCAkkadian Empire | Assyria | Babylonia | Elamite Empire | Hittite Empire | Kerma Kingdom | Kingdom of Kush | Mitanni | Neo-Sumerian Empire | New Kingdom of Egypt | Shang dynasty | Zhou dynasty
80%
Colonial empire that covered less than one million square milesBelgian Colonial Empire | Dutch Empire | Swedish Empire
76%
Formed between 1870 and 1890German Empire | Italian Empire | Wassoulou Empire
68%
Existed for over 1000 yearsAssyria | Byzantine Empire | Chera dynasty | Chola dynasty | Elamite Empire | Kingdom of Kush | Pandya Empire | Republic of Venice
67%
Had rulers who were Greek or of Greek descent and existed before the Roman EmpireAthenian Empire | Macedonian Empire | Pontic Empire | Ptolemaic Empire | Seleucid Empire
66%
Was an African empire centred on the SahelGhana Empire | Hausaland | Kanem-Bornu Empire | Mali Empire | Sokoto Caliphate | Songhai Empire | Sosso Empire
61%
Existed after 1800 and was based in the AmericasComancheria | Empire of Brazil | Empires of Haiti
54%
Was one of the four khanates that formed from the division of the Mongol EmpireChagatai Khanate | Golden Horde | Ilkhanate | Yuan dynasty
46%
Had three or more capitals (or ruling cities) at the same timeAchaemenid Empire | Aztec Empire | Chera dynasty | Chola dynasty | Francia | Kushan Empire | Parthian Empire
27%
Had its capital (or one of its capitals) in what is now IndonesiaJohor Sultanate | Majapahit | Medang Kingdom | Singhasari | Srivijaya
25%
Controlled at least part of modern Mongolia before the Mongol Empire (excluding Chinese dynasties)Liao dynasty | Rouran Khaganate | Turkic Khaganates | Uyghur Khaganate | Xianbei state | Xiongnu Empire
24%

Score Distribution

Percentile by Number Answered

Percent of People with Each Score

Your Score History

You have not taken this quiz since the last reset